| 000 | 00502nam a2200181Ia 4500 | ||
|---|---|---|---|
| 003 | GCL | ||
| 008 | 140319s9999 xx 000 0 ara d | ||
| 040 |
_aGCL / _cGCL |
||
| 082 | 0 | 4 |
_a813.01 _bع ا |
| 100 | 1 | _aعليه سيف النصر | |
| 245 | 1 | 0 |
_aالنساء يغسلن اوراق الشجر / _cعليه سيف النصر |
| 260 |
_a[S.N] : _bدار سعاد الصباح ، _c1993 |
||
| 300 | _a74 ص | ||
| 490 | _a | ||
| 650 | 0 | 4 | _aالقصاص |
| 650 | 0 | 4 | _aالقصص |
| 942 |
_2ddc _cBK |
||
| 999 |
_c44320 _d44320 |
||